<?xml version="1.0" encoding="UTF-8"?>
<collection xmlns="http://www.loc.gov/MARC21/slim">
    <record>
        <controlfield tag="001">10884</controlfield>
        <controlfield tag="005">20150325140208.0</controlfield>
        <datafield tag="037" ind1=" " ind2=" ">
            <subfield code="a">TAZ-TFG-2013-338</subfield>
        </datafield>
        <datafield tag="041" ind1=" " ind2=" ">
            <subfield code="a">spa</subfield>
        </datafield>
        <datafield tag="100" ind1="1" ind2=" ">
            <subfield code="a">Orduna Aguas, Carlota Ana</subfield>
        </datafield>
        <datafield tag="245" ind1="0" ind2="0">
            <subfield code="a">Integración sensorial en el caso de un niño con autismo</subfield>
        </datafield>
        <datafield tag="260" ind1=" " ind2=" ">
            <subfield code="a">Zaragoza</subfield>
            <subfield code="b">Universidad de Zaragoza</subfield>
            <subfield code="c">2013</subfield>
        </datafield>
        <datafield tag="506" ind1=" " ind2=" ">
            <subfield code="a">by-nc-sa</subfield>
            <subfield code="b">Creative Commons</subfield>
            <subfield code="c">3.0</subfield>
            <subfield code="u">http://creativecommons.org/licenses/by-nc-sa/3.0/</subfield>
        </datafield>
        <datafield tag="520" ind1=" " ind2=" ">
            <subfield code="a">El autismo es un trastorno complejo del desarrollo que se define desde el punto de vista conductual. Además de la amplia variedad de manifestaciones conductuales, existe una alta prevalencia de niños que presentan, a su vez, un déficit en el procesamiento sensorial, el cual influye en su funcionamiento ocupacional. El objetivo del siguiente trabajo, es identificar y relacionar dichos déficits para la elaboración de un plan de intervención basado en el modelo de integración sensorial de Ayres. A nivel metodológico, para la revisión bibliográfica se incluyeron estudios recuperados de las bases de datos Dialnet, PubMed, O.T Seeker y el Índice Médico Español, desde la fecha más disponible hasta el 2002. La estrategia de búsqueda para las fuentes nacionales fue AUTISMO e INTEGRACIÓN SENSORIAL combinadas mediante los operados booleanos AND y OR con los términos TERAPIA OCUPACIONAL y DÉFICIT SENSORIAL. Para las fuentes internacionales, se utilizó en PubMed como MesH Term: AUTISM, SENSORY INTEGRATION y TREATMENT.  En conclusión, se ha visto que el tratamiento desde terapia ocupacional basado en dicho modelo mejora el funcionamiento ocupacional del niño con autismo proporcionándole las herramientas necesarias para aumentar su participación en  las actividades de la vida diaria, el juego y en educación.</subfield>
        </datafield>
        <datafield tag="521" ind1=" " ind2=" ">
            <subfield code="a">Graduado en Terapia Ocupacional</subfield>
        </datafield>
        <datafield tag="540" ind1=" " ind2=" ">
            <subfield code="a">Derechos regulados por licencia Creative Commons</subfield>
        </datafield>
        <datafield tag="653" ind1="1" ind2=" ">
            <subfield code="a">autismo</subfield>
        </datafield>
        <datafield tag="653" ind1="1" ind2=" ">
            <subfield code="a">déficit sensorial</subfield>
        </datafield>
        <datafield tag="653" ind1="1" ind2=" ">
            <subfield code="a">terapia ocupacional</subfield>
        </datafield>
        <datafield tag="653" ind1="1" ind2=" ">
            <subfield code="a">integración sensorial</subfield>
        </datafield>
        <datafield tag="700" ind1=" " ind2=" ">
            <subfield code="a">Lapieza Laínez, María Gloria</subfield>
            <subfield code="e">dir.</subfield>
        </datafield>
        <datafield tag="710" ind1="2" ind2=" ">
            <subfield code="a">Universidad de Zaragoza</subfield>
            <subfield code="b">Fisiatría y Enfermería</subfield>
            <subfield code="c">Fisioterapia</subfield>
        </datafield>
        <datafield tag="720" ind1="2" ind2=" ">
            <subfield code="a">Mayoral Marcos, Beatriz</subfield>
            <subfield code="e">ponente</subfield>
        </datafield>
        <datafield tag="856" ind1="0" ind2=" ">
            <subfield code="f">577653@celes.unizar.es</subfield>
        </datafield>
        <datafield tag="856" ind1="4" ind2=" ">
            <subfield code="s">1118556</subfield>
            <subfield code="u">http://zaguan.unizar.es/record/10884/files/TAZ-TFG-2013-338.pdf</subfield>
            <subfield code="y">Memoria (spa)</subfield>
        </datafield>
        <datafield tag="909" ind1="C" ind2="O">
            <subfield code="o">oai:zaguan.unizar.es:10884</subfield>
            <subfield code="p">trabajos-fin-grado</subfield>
            <subfield code="p">driver</subfield>
        </datafield>
        <datafield tag="950" ind1=" " ind2=" ">
            <subfield code="a"></subfield>
        </datafield>
        <datafield tag="980" ind1=" " ind2=" ">
            <subfield code="a">TAZ</subfield>
            <subfield code="b">TFG</subfield>
            <subfield code="c">EUCS</subfield>
        </datafield>
    </record>

    
</collection>